000 00695cam a2200205 4500
001 WB3547-37
008 000000n1999 000 0 eng u
035 _a(Sirsi) u103023
245 _aSmall businesses get help on rates
260 _c1999
490 _aDETR News Release
_v(1134) 25 November 1999 (4)
520 _aA transitional relief scheme to assist small businesses affected by the 2000 rating revaluation has been announced by Government. The scheme will phase in changes to bills.
590 _aWB
650 _aBUSINESS RATES
650 _aRATING REVALUATION
650 _aSMALL BUSINESSES
650 _aTRANSITIONAL RELIEF
690 _aRATING AND VALUATION
942 _n0
999 _c61908
_d61908